[Event "Golden Cleopatra op 5th"]
[Site "Cairo"]
[Date "2001.05.10"]
[Round "9"]
[White "Radulov, Ivan"]
[Black "Surjadnji, Aleksei"]
[Result "1-0"]
[WhiteElo "2390"]
[BlackElo "2431"]
[PlyCount "123"]
[EventDate "2001.05.02"]
[EventType "swiss"]
[EventRounds "10"]
[EventCountry "EGY"]
[SourceTitle "CBM 082 Extra"]
[Source "ChessBase"]
[SourceDate "2001.07.03"]
[SourceVersion "1"]
[SourceVersionDate "2001.07.03"]
[SourceQuality "1"]

1. Nf3 Nf6 2. g3 g6 3. Bg2 Bg7 4. d4 0-0 5. 0-0 d6 6. c4 Nbd7 7. Nc3 e5 8. e4 exd4 9. Nxd4 Nc5 10. h3 Re8 11. Re1 a5 12. Qc2 a4 13. Be3 c6 14. Rad1 Nfd7 15. Kh2 Qa5 16. f4 Qb4 17. Nb1 Nf6 18. Bd2 Qb6 19. Bc3 Bd7 20. Nd2 a3 21. b3 Na6 22. e5 dxe5 23. fxe5 Nh5 24. N2f3 Bf8 25. e6 Bxe6 26. Nxe6 Rxe6 27. Rxe6 fxe6 28. g4 Ng7 29. Ne5 Rd8 30. Nd7 Qc7+ 31. Be5 Qa5 32. Qe2 Be7 33. Qe3 Nc5 34. b4 Qxb4 35. Bc3 Qxc4 36. Qe5 Qxc3 37. Qxc3 Rxd7 38. Rxd7 Nxd7 39. Qb3 Nc5 40. Qxa3 Ne8 41. Qa8 Kf7 42. a4 Bf8 43. a5 Nc7 44. Qc8 N7a6 45. Bf1 Nb4 46. Bc4 Nd5 47. h4 Bd6+ 48. Kh1 Ne3 49. Be2 Be5 50. a6 Nxa6 51. Qd7+ Kf6 52. Qxh7 Bf4 53. g5+ Ke5 54. Qxb7 Nc5 55. Qg7+ Kd5 56. Bf3+ Kc4 57. Qxg6 Nf5 58. h5 Kd4 59. h6 Ke3 60. Bg4 Nh4 61. Qh5 Bg3 62. h7 1-0

[Event "Golden Cleopatra op 5th"]
[Site "Cairo"]
[Date "2001.05.05"]
[Round "4"]
[White "Surjadnji, Aleksei"]
[Black "Sarwat, Walaa"]
[Result "1/2-1/2"]
[WhiteElo "2431"]
[BlackElo "2356"]
[PlyCount "156"]
[EventDate "2001.05.02"]
[EventType "swiss"]
[EventRounds "10"]
[EventCountry "EGY"]
[SourceTitle "CBM 082 Extra"]
[Source "ChessBase"]
[SourceDate "2001.07.03"]
[SourceVersion "1"]
[SourceVersionDate "2001.07.03"]
[SourceQuality "1"]

1. d4 Nf6 2. c4 e6 3. Nc3 Bb4 4. e3 b6 5. Bd3 Bb7 6. Nf3 0-0 7. 0-0 Bxc3 8. bxc3 d6 9. Nd2 e5 10. e4 Re8 11. f3 Nc6 12. Nb3 a5 13. a4 h6 14. Be3 Ba6 15. Qd2 exd4 16. cxd4 Nb4 17. d5 Nxd3 18. Qxd3 Nd7 19. Bd4 Rc8 20. Rfc1 Qg5 21. Qd2 Qg6 22. Qf4 Rf8 23. g4 Rce8 24. Qf5 Re7 25. Qxg6 fxg6 26. Nd2 g5 27. Kg2 Rff7 28. Rab1 Bc8 29. Kf2 Nf8 30. Ke3 Ng6 31. Bxb6 cxb6 32. Rxb6 Rf6 33. c5 dxc5 34. Rxf6 gxf6 35. Rxc5 Bb7 36. Rxa5 Nf4 37. Kd4 Rc7 38. Ra7 Ne2+ 39. Ke3 Nc1 40. Kd4 Ne2+ 41. Ke3 Nf4 42. Nb1 Rf7 43. Ra5 Kf8 44. Nc3 Ng6 45. Nb5 Rd7 46. Ra7 Ne7 47. Nd4 Nc8 48. Ra5 Nd6 49. Ne6+ Ke7 50. Kd4 Bc8 51. Nc5 Rc7 52. Ra8 Nf7 53. Rb8 Ne5 54. Rb3 Ra7 55. h3 Bd7 56. Ra3 Bb5 57. a5 Be2 58. a6 Kd6 59. Nb7+ Kc7 60. Rc3+ Kb8 61. Nc5 Bxa6 62. Rb3+ Kc7 63. Ne6+ Kc8 64. Ra3 Kb8 65. f4 gxf4 66. Nxf4 Bf1 67. Rxa7 Kxa7 68. Kc5 Nf3 69. Kd6 Ng5 70. Ke7 Nxe4 71. d6 Bb5 72. d7 Bxd7 73. Kxd7 Kb6 74. Ke6 Kc5 75. Kf5 Kd4 76. Kg6 Ke5 77. Nd3+ Kd4 78. Nf4 Ke5 1/2-1/2

[Event "Golden Cleopatra op 5th"]
[Site "Cairo"]
[Date "2001.05.03"]
[Round "2"]
[White "Surjadnji, Aleksei"]
[Black "Sulava, Nenad"]
[Result "0-1"]
[WhiteElo "2431"]
[BlackElo "2526"]
[PlyCount "78"]
[EventDate "2001.05.02"]
[EventType "swiss"]
[EventRounds "10"]
[EventCountry "EGY"]
[SourceTitle "CBM 082 Extra"]
[Source "ChessBase"]
[SourceDate "2001.07.03"]
[SourceVersion "1"]
[SourceVersionDate "2001.07.03"]
[SourceQuality "1"]

1. d4 e6 2. c4 b6 3. Nc3 Bb4 4. Qc2 Bb7 5. e4 Qh4 6. Bd3 f5 7. g3 Qh5 8. f3 Nc6 9. Nge2 fxe4 10. fxe4 Nf6 11. a3 Bxc3+ 12. Qxc3 0-0 13. Nf4 Qe8 14. 0-0 e5 15. d5 Nd4 16. Kg2 c5 17. Nh3 Qh5 18. Be3 d6 19. Rf5 Nxf5 20. exf5 Nxd5 21. cxd5 Bxd5+ 22. Kg1 Qxh3 23. Qd2 Bb7 24. b4 Kh8 25. Rf1 e4 26. Be2 Rxf5 27. Qxd6 Rxf1+ 28. Bxf1 Qf5 29. bxc5 bxc5 30. Qxc5 Qxc5 31. Bxc5 a6 32. Bh3 Rd8 33. Bg4 Rd2 34. Bb4 Rb2 35. Bc5 Bd5 36. Bh5 Ra2 37. Be8 e3 38. Kf1 Bc4+ 39. Kg1 Ra1+ 0-1

[Event "Tanta op 4th"]
[Site "Tanta"]
[Date "2001.04.27"]
[Round "9"]
[White "Rahman, Yehya"]
[Black "Surjadnji, Aleksei"]
[Result "0-1"]
[WhiteElo "2267"]
[BlackElo "2431"]
[PlyCount "75"]
[EventDate "2001.04.18"]
[EventType "swiss"]
[EventRounds "9"]
[EventCountry "EGY"]
[SourceTitle "CBM 082 Extra"]
[Source "ChessBase"]
[SourceDate "2001.07.03"]
[SourceVersion "1"]
[SourceVersionDate "2001.07.03"]
[SourceQuality "1"]

1. d4 Nf6 2. c4 c5 3. d5 b5 4. cxb5 a6 5. Nc3 Qa5 6. b6 Bb7 7. Bd2 Qxb6 8. e4 e6 9. dxe6 Qxe6 10. f3 d5 11. Qb3 Bc6 12. 0-0-0 dxe4 13. Bc4 Qd7 14. Bf4 Qb7 15. Bxf7+ Qxf7 16. Rd8+ Ke7 17. Bd6+ Kxd8 18. Qxf7 Bxd6 19. Qxg7 Rf8 20. Nge2 Nbd7 21. Rd1 Kc7 22. fxe4 Nxe4 23. Qxh7 Rae8 24. g3 Nxc3 25. Nxc3 Be5 26. Nd5+ Kb7 27. Ne3 Kc7 28. Nd5+ Kb7 29. Ne3 Bd4 30. Nf5 Rxf5 31. Qxf5 Be3+ 32. Rd2 Re5 33. Qd3 Bg5 34. Qb3+ Nb6 35. Qf7+ Re7 36. Qg8 Re1+ 37. Kc2 Be4+ 38. Kc3 0-1

[Event "Tanta op 4th"]
[Site "Tanta"]
[Date "2001.04.21"]
[Round "4"]
[White "Himdan, Maher"]
[Black "Surjadnji, Aleksei"]
[Result "1/2-1/2"]
[WhiteElo "2348"]
[BlackElo "2431"]
[PlyCount "67"]
[EventDate "2001.04.18"]
[EventType "swiss"]
[EventRounds "9"]
[EventCountry "EGY"]
[SourceTitle "CBM 082 Extra"]
[Source "ChessBase"]
[SourceDate "2001.07.03"]
[SourceVersion "1"]
[SourceVersionDate "2001.07.03"]
[SourceQuality "1"]

1. e4 c5 2. Nf3 e6 3. d4 cxd4 4. Nxd4 Nc6 5. Nb5 d6 6. Bf4 e5 7. Be3 a6 8. N5c3 Nf6 9. Bg5 Be7 10. Bxf6 Bxf6 11. Nd2 Be6 12. Nc4 0-0 13. Qxd6 Qxd6 14. Nxd6 b5 15. Bd3 g6 16. Nd5 Bxd5 17. exd5 Nb4 18. Be4 Be7 19. Nxf7 Rxf7 20. d6 Bxd6 21. Bxa8 Nxc2+ 22. Ke2 Nxa1 23. Rxa1 Rc7 24. Rd1 Rc2+ 25. Rd2 Rxd2+ 26. Kxd2 a5 27. Kd3 Bc5 28. f3 Bd4 29. b3 Bg1 30. h3 Kg7 31. Ke4 Kf6 32. Bc6 b4 33. f4 exf4 34. Kxf4 1/2-1/2

[Event "Montecatini Terme op 8th"]
[Site "Montecatini Terme"]
[Date "1999.08.03"]
[Round "4"]
[White "Razuvaev, Yuri S"]
[Black "Surjadnji, Aleksei"]
[Result "1-0"]
[WhiteElo "2559"]
[BlackElo "2429"]
[PlyCount "123"]
[EventDate "1999.07.31"]
[EventType "swiss"]
[EventRounds "9"]
[EventCountry "ITA"]
[SourceTitle "EXT 2000"]
[Source "ChessBase"]
[SourceDate "1999.11.16"]
[SourceVersion "1"]
[SourceVersionDate "1999.11.16"]
[SourceQuality "1"]

1. c4 e6 2. d4 Nf6 3. Nf3 d5 4. g3 Be7 5. Bg2 0-0 6. 0-0 Nbd7 7. Qc2 c6 8. b3 b5 9. c5 Ne4 10. Bb2 f5 11. Ne1 Bg5 12. Nd3 Qe8 13. e3 a5 14. a3 Ba6 15. b4 a4 16. Re1 Bh6 17. f3 Nef6 18. Nd2 Qh5 19. Nf1 Rae8 20. Qe2 Bc8 21. Bc3 g5 22. h3 Qg6 23. Rad1 Bg7 24. Ne5 Nxe5 25. dxe5 Nd7 26. f4 h5 27. Nd2 g4 28. hxg4 hxg4 29. Kf2 Kf7 30. Rh1 Rh8 31. e4 Nb8 32. Qd3 Bd7 33. exf5 exf5 34. Rdg1 Be6 35. Bd4 Na6 36. Nf1 Nc7 37. Ne3 Rxh1 38. Rxh1 Rh8 39. Qb1 Rh5 40. Rxh5 Qxh5 41. Qh1 Qxh1 42. Bxh1 Bf8 43. Bg2 Be7 44. Bf1 Ne8 45. Bd3 Ng7 46. Bc3 Ke8 47. Nc2 Kd7 48. Nd4 Bf8 49. Ke3 Be7 50. Nxb5 cxb5 51. Bxb5+ Kc7 52. Bxa4 Bd7 53. Bb3 Kc6 54. a4 Ne6 55. Bd4 Kc7 56. Bxd5 Nxd4 57. Kxd4 Bxa4 58. Be6 Bc2 59. b5 Be4 60. Bd5 Bf3 61. b6+ Kb8 62. c6 1-0

[Event "Kharkov Region-ch 9900"]
[Site "Kharkov"]
[Date "1999.??.??"]
[Round "?"]
[White "Neverov, Valeriy"]
[Black "Surjadnji, Aleksei"]
[Result "1/2-1/2"]
[WhiteElo "2528"]
[BlackElo "2429"]
[PlyCount "31"]
[EventDate "1999.??.??"]
[EventType "tourn"]
[EventRounds "11"]
[EventCountry "UKR"]
[EventCategory "7"]
[SourceTitle "EXT 2006"]
[Source "ChessBase"]
[SourceDate "2005.11.24"]
[SourceVersion "1"]
[SourceVersionDate "2005.11.24"]
[SourceQuality "1"]

1. d4 Nf6 2. Nf3 g6 3. c4 Bg7 4. g3 0-0 5. Bg2 d6 6. 0-0 Nbd7 7. Qc2 e5 8. Rd1 Qe7 9. Nc3 c6 10. e4 Re8 11. b3 exd4 12. Nxd4 Nc5 13. Bb2 Nfxe4 14. Nxe4 Nxe4 15. Re1 d5 16. Rad1 1/2-1/2

[Event "UKR ol"]
[Site "Alushta"]
[Date "1999.??.??"]
[Round "?"]
[White "Surjadnji, Aleksei"]
[Black "Firman, Nazar"]
[Result "1-0"]
[WhiteElo "2429"]
[BlackElo "2212"]
[PlyCount "83"]
[EventDate "1999.05.12"]
[EventType "team"]
[EventRounds "11"]
[EventCountry "UKR"]
[SourceTitle "EXT 2001"]
[Source "ChessBase"]
[SourceDate "2000.11.22"]
[SourceVersion "1"]
[SourceVersionDate "2000.11.22"]
[SourceQuality "1"]

1. d4 e6 2. c4 f5 3. g3 Nf6 4. Bg2 c6 5. Nh3 d6 6. 0-0 Be7 7. Nc3 0-0 8. e4 fxe4 9. Nxe4 Na6 10. Nf4 e5 11. dxe5 dxe5 12. Nd3 Bf5 13. Qe2 Qd4 14. Be3 Qxc4 15. Rfc1 Qa4 16. Ndc5 Bxc5 17. Nxc5 Nxc5 18. Rxc5 Rfe8 19. h3 Rad8 20. b3 Qb4 21. Qb2 Nd7 22. a3 Qxc5 23. Bxc5 Nxc5 24. Qc3 Nd3 25. Rd1 Rd4 26. Bf1 Red8 27. Qa5 R4d5 28. Qxa7 R8d7 29. Qe3 e4 30. Rxd3 Rxd3 31. Bxd3 Rxd3 32. Qf4 Bxh3 33. Qxe4 Rd1+ 34. Kh2 Bd7 35. Qc4+ Rd5 36. a4 Be6 37. Qe2 Kf7 38. g4 Rd4 39. Qe5 Rb4 40. Qh5+ Kf6 41. g5+ Ke7 42. g6 1-0

[Event "Kharkov Region-ch 9900"]
[Site "Kharkov"]
[Date "1999.??.??"]
[Round "?"]
[White "Surjadnji, Aleksei"]
[Black "Maly, Alexey"]
[Result "1/2-1/2"]
[WhiteElo "2429"]
[BlackElo "2397"]
[PlyCount "44"]
[EventDate "1999.??.??"]
[EventType "tourn"]
[EventRounds "11"]
[EventCountry "UKR"]
[EventCategory "7"]
[SourceTitle "EXT 2006"]
[Source "ChessBase"]
[SourceDate "2005.11.24"]
[SourceVersion "1"]
[SourceVersionDate "2005.11.24"]
[SourceQuality "1"]

1. d4 d5 2. c4 dxc4 3. Nf3 Nf6 4. e3 e6 5. Bxc4 a6 6. 0-0 b5 7. Bd3 Bb7 8. a4 b4 9. Qe2 Be7 10. Nbd2 c5 11. dxc5 Bxc5 12. e4 Be7 13. e5 Nd5 14. Ne4 h6 15. Bd2 Nd7 16. Rac1 Qb8 17. Ng3 Nc5 18. Bc2 a5 19. Qb5+ Kf8 20. Ne4 Ba6 21. Qxb8+ Rxb8 22. Rfe1 Rc8 1/2-1/2

[Event "UKR ol"]
[Site "Alushta"]
[Date "1999.??.??"]
[Round "?"]
[White "Surjadnji, Aleksei"]
[Black "Sumets, Andrey"]
[Result "1-0"]
[WhiteElo "2429"]
[BlackElo "2434"]
[PlyCount "125"]
[EventDate "1999.05.12"]
[EventType "team"]
[EventRounds "11"]
[EventCountry "UKR"]
[SourceTitle "EXT 2001"]
[Source "ChessBase"]
[SourceDate "2000.11.22"]
[SourceVersion "1"]
[SourceVersionDate "2000.11.22"]
[SourceQuality "1"]

1. d4 d5 2. c4 c6 3. cxd5 cxd5 4. Nc3 Nf6 5. Nf3 Nc6 6. Bf4 a6 7. Rc1 Bf5 8. e3 e6 9. Qb3 Ra7 10. Be2 Be7 11. 0-0 0-0 12. Na4 Nd7 13. h3 h6 14. Rfd1 Qa5 15. Ne1 Rc8 16. Nd3 Bxd3 17. Bxd3 b5 18. Nc5 Nxc5 19. dxc5 Qb4 20. Qc2 Bf6 21. Rd2 Ne5 22. a3 Qa5 23. Bxe5 Bxe5 24. b4 Qc7 25. Rdd1 Rd8 26. e4 Raa8 27. exd5 Rxd5 28. Bh7+ Kf8 29. Rxd5 exd5 30. Bd3 Qc6 31. Be2 Rd8 32. Bf3 Qf6 33. Re1 g6 34. Qd3 d4 35. g3 h5 36. h4 Re8 37. Kg2 Bc7 38. Rd1 Rd8 39. Qe4 Be5 40. Rd3 Rb8 41. Qd5 Qe6 42. Qe4 f5 43. Qd5 Qxd5 44. Bxd5 Ke7 45. f4 Bf6 46. Kf3 Kf8 47. Ke2 Re8+ 48. Kd2 Re7 49. Bc6 Rc7 50. Ba8 Ra7 51. Bf3 Re7 52. Be2 Kf7 53. a4 bxa4 54. Ra3 Re3 55. Bc4+ Ke7 56. Rxa4 Rxg3 57. Rxa6 Bxh4 58. Ra7+ Kd8 59. c6 Rc3 60. Rd7+ Kc8 61. Rxd4 Ra3 62. b5 Bf6 63. b6 1-0

[Event "Kharkov Region-ch 9900"]
[Site "Kharkov"]
[Date "1999.??.??"]
[Round "?"]
[White "Surjadnji, Aleksei"]
[Black "Zubarev, Alexander2222"]
[Result "0-1"]
[WhiteElo "2429"]
[BlackElo "2478"]
[PlyCount "86"]
[EventDate "1999.??.??"]
[EventType "tourn"]
[EventRounds "11"]
[EventCountry "UKR"]
[EventCategory "7"]
[SourceTitle "EXT 2006"]
[Source "ChessBase"]
[SourceDate "2005.11.24"]
[SourceVersion "1"]
[SourceVersionDate "2005.11.24"]
[SourceQuality "1"]

1. d4 Nf6 2. c4 e6 3. Nc3 Bb4 4. e3 0-0 5. Bd3 d5 6. Nf3 Nc6 7. 0-0 h6 8. h3 a6 9. a3 dxc4 10. Bxc4 Bd6 11. e4 e5 12. Be3 b5 13. Ba2 Bb7 14. b4 exd4 15. Bxd4 Nxd4 16. Qxd4 Re8 17. Rfe1 Bf8 18. e5 Bxf3 19. Qxd8 Rexd8 20. exf6 Bb7 21. Rad1 c5 22. Bd5 Rd7 23. Bxb7 Rxb7 24. Nd5 c4 25. f4 gxf6 26. Nxf6+ Kh8 27. Nd7 Bg7 28. Nc5 Rc7 29. Rd6 a5 30. Rb6 Bb2 31. Rxh6+ Kg7 32. Rh5 Bxa3 33. Ree5 Bb2 34. Reg5+ Kf8 35. bxa5 Rxa5 36. Ne4 Bd4+ 37. Kh2 c3 38. Nxc3 Rxc3 39. Rxb5 Ra1 40. Rb8+ Kg7 41. Rhb5 Bg1+ 42. Kh1 Be3+ 43. Rb1 Rc1+ 0-1

[Event "Golden Cleopatra"]
[Site "Cairo"]
[Date "1998.03.11"]
[Round "1"]
[White "Surjadnji, Aleksei"]
[Black "Sarwat, Walaa"]
[Result "0-1"]
[WhiteElo "2420"]
[BlackElo "2310"]
[PlyCount "66"]
[EventDate "1998.??.??"]
[EventType "schev"]
[EventRounds "10"]
[EventCountry "EGY"]
[SourceTitle "EXT 1999"]
[Source "ChessBase"]
[SourceDate "1998.11.16"]
[SourceVersion "1"]
[SourceVersionDate "1998.11.16"]
[SourceQuality "1"]

1. d4 Nf6 2. Nf3 e6 3. c4 b6 4. g3 Ba6 5. Qa4 c6 6. Nc3 d5 7. cxd5 exd5 8. Ne5 b5 9. Qd1 b4 10. Na4 Bb5 11. Bg2 Bd6 12. Nd3 Nbd7 13. 0-0 0-0 14. Bf4 Bxf4 15. gxf4 Ne4 16. Rc1 Qa5 17. Nac5 Ndxc5 18. Nxc5 Rfe8 19. Nxe4 dxe4 20. Qd2 Qxa2 21. Rc5 a5 22. Re5 Rxe5 23. fxe5 Rd8 24. Bxe4 Qc4 25. Rc1 Qxd4 26. Qxd4 Rxd4 27. Bxc6 Bxe2 28. Bf3 Rc4 29. Rxc4 Bxc4 30. Bd1 b3 31. f4 a4 32. Kf2 Bd3 33. Ke3 a3 0-1

[Event "Golden Cleopatra"]
[Site "Cairo"]
[Date "1998.??.??"]
[Round "9"]
[White "Afifi, Assem"]
[Black "Surjadnji, Aleksei"]
[Result "0-1"]
[WhiteElo "2345"]
[BlackElo "2420"]
[PlyCount "50"]
[EventDate "1998.??.??"]
[EventType "schev"]
[EventRounds "10"]
[EventCountry "EGY"]
[SourceTitle "EXT 1999"]
[Source "ChessBase"]
[SourceDate "1998.11.16"]
[SourceVersion "1"]
[SourceVersionDate "1998.11.16"]
[SourceQuality "1"]

1. b4 c6 2. c4 d5 3. e3 Nf6 4. Bb2 Bg4 5. Nf3 e6 6. Qb3 Nbd7 7. Nc3 Be7 8. h3 Bxf3 9. gxf3 Ne5 10. cxd5 exd5 11. Be2 Qd6 12. d4 Ng6 13. b5 Nh4 14. a4 0-0 15. a5 cxb5 16. Nxb5 Qd7 17. a6 bxa6 18. Nc3 Qf5 19. Qd1 Rab8 20. Ba3 Bxa3 21. Rxa3 Rb2 22. Rxa6 Rfb8 23. Rxa7 h6 24. Ra1 Qg6 25. Bf1 Qc2 0-1

[Event "Golden Cleopatra"]
[Site "Cairo"]
[Date "1998.??.??"]
[Round "4"]
[White "Mohamed, Farag Amrou"]
[Black "Surjadnji, Aleksei"]
[Result "0-1"]
[WhiteElo "2290"]
[BlackElo "2420"]
[PlyCount "65"]
[EventDate "1998.??.??"]
[EventType "schev"]
[EventRounds "10"]
[EventCountry "EGY"]
[SourceTitle "EXT 1999"]
[Source "ChessBase"]
[SourceDate "1998.11.16"]
[SourceVersion "1"]
[SourceVersionDate "1998.11.16"]
[SourceQuality "1"]

1. e4 c5 2. Nc3 e6 3. g3 d5 4. Bg2 d4 5. Nce2 Nc6 6. d3 Nf6 7. f4 e5 8. Nf3 Bd6 9. h3 Qc7 10. 0-0 Nd7 11. fxe5 Ncxe5 12. Nf4 Nxf3+ 13. Qxf3 Ne5 14. Qe2 0-0 15. Nd5 Qd8 16. Bf4 Be6 17. Rae1 Qd7 18. g4 Rae8 19. Bxe5 Bxe5 20. Nf4 Qd8 21. Nxe6 fxe6 22. Rxf8+ Rxf8 23. Rf1 Rxf1+ 24. Bxf1 b5 25. a3 Qg5 26. b3 Qc1 27. a4 bxa4 28. bxa4 g5 29. Kh1 h6 30. Kg1 Kg7 31. h4 gxh4 32. Kg2 h3+ 33. Kxh3 0-1

[Event "Pardubice Czech op"]
[Site "Pardubice"]
[Date "1998.??.??"]
[Round "4"]
[White "Surjadnji, Aleksei"]
[Black "Suran, Jan"]
[Result "1-0"]
[WhiteElo "2440"]
[BlackElo "2295"]
[PlyCount "115"]
[EventDate "1998.07.??"]
[EventType "swiss"]
[EventRounds "9"]
[EventCountry "CZE"]
[SourceTitle "EXT 2000"]
[Source "ChessBase"]
[SourceDate "1999.11.16"]
[SourceVersion "1"]
[SourceVersionDate "1999.11.16"]
[SourceQuality "1"]

1. d4 c5 2. d5 e5 3. e4 d6 4. Nc3 a6 5. a4 Be7 6. Be2 Bg5 7. Bg4 Bxc1 8. Rxc1 Nd7 9. Nge2 Nh6 10. Bh3 0-0 11. 0-0 Qa5 12. Ra1 Rb8 13. Qd2 Nb6 14. Bxc8 Nc4 15. Qg5 Rfxc8 16. b3 Nb6 17. Rfb1 Nd7 18. Qh5 Rf8 19. Qh3 Qd8 20. Ng3 Nf6 21. Nf1 c4 22. b4 b6 23. Ne3 Rc8 24. Kh1 Qd7 25. Qxd7 Nxd7 26. g4 f6 27. h4 g6 28. Rg1 Kh8 29. Raf1 Rf7 30. Ne2 f5 31. exf5 gxf5 32. g5 Ng8 33. f4 Ne7 34. fxe5 Nxe5 35. h5 a5 36. bxa5 bxa5 37. Rf4 Rb8 38. Nc3 Rb4 39. Rgf1 Kg8 40. Kh2 Rb2 41. Kh3 Ng4 42. Ncd1 Nxe3 43. Nxe3 Rb4 44. Rxc4 Rxc4 45. Nxc4 Nxd5 46. Nxd6 Rc7 47. Nxf5 Rc3+ 48. Kh4 Rc4+ 49. Kg3 Rc3+ 50. Rf3 Rxf3+ 51. Kxf3 Nc3 52. Ne7+ Kf7 53. Nc6 Ke6 54. Kg4 Nxa4 55. Nxa5 Nc3 56. Nb3 Ke5 57. Nc5 Nd5 58. Nd7+ 1-0

[Event "Pardubice Czech op"]
[Site "Pardubice"]
[Date "1998.??.??"]
[Round "5"]
[White "Vavra, Pavel"]
[Black "Surjadnji, Aleksei"]
[Result "1-0"]
[WhiteElo "2340"]
[BlackElo "2420"]
[PlyCount "113"]
[EventDate "1998.07.??"]
[EventType "swiss"]
[EventRounds "9"]
[EventCountry "CZE"]
[SourceTitle "EXT 1999"]
[Source "ChessBase"]
[SourceDate "1998.11.16"]
[SourceVersion "1"]
[SourceVersionDate "1998.11.16"]
[SourceQuality "1"]

1. e4 c5 2. Nf3 e6 3. d4 cxd4 4. Nxd4 Nc6 5. Nc3 Qc7 6. Be3 Nf6 7. Bd3 a6 8. 0-0 Be7 9. f4 d6 10. Qf3 0-0 11. Rae1 Nxd4 12. Bxd4 e5 13. Nd5 Nxd5 14. exd5 Bg4 15. Qxg4 exd4 16. Re2 Qd8 17. Qf3 Bf6 18. g4 h6 19. g5 hxg5 20. Qh3 g6 21. f5 Qd7 22. Qh6 Rad8 23. Ref2 Bg7 24. Qxg5 f6 25. Qxg6 Qf7 26. Rg2 Qxg6 27. Rxg6 Kf7 28. Rf4 Rde8 29. Re4 Rh8 30. Kg2 Bh6 31. h4 Be3 32. Rxd4 Re7 33. Rdg4 Bh6 34. b4 Re3 35. Rc4 Re7 36. Rg3 Bd2 37. Rcg4 Rh7 38. Rg8 Bxb4 39. Rd8 Bc5 40. Rg4 Rg7 41. Rg6 Rh7 42. Kg3 Bb6 43. Rxd6 Bc7 44. Rgxf6+ Ke8 45. Kg4 Reg7+ 46. Kh3 Bxd6 47. Rxd6 Rg1 48. Re6+ Kd8 49. Be4 a5 50. f6 Rf7 51. Bf3 Rh7 52. d6 Rg8 53. Re7 Rgh8 54. h5 b5 55. Bg4 b4 56. f7 Rf8 57. Rc7 1-0

[Event "Pardubice KB op"]
[Site "Pardubice"]
[Date "1997.07.22"]
[Round "6"]
[White "Surjadnji, Aleksei"]
[Black "Sufiev, Rinat"]
[Result "1-0"]
[WhiteElo "2440"]
[BlackElo "2330"]
[PlyCount "76"]
[EventDate "1997.07.17"]
[EventType "swiss"]
[EventRounds "9"]
[EventCountry "CZE"]
[SourceTitle "CBM 059 Extra"]
[Source "ChessBase"]
[SourceDate "1997.09.26"]
[SourceVersion "1"]
[SourceVersionDate "1997.09.26"]
[SourceQuality "1"]

1. Nf3 Nc6 2. d4 d5 3. c4 Bg4 4. cxd5 Bxf3 5. gxf3 Qxd5 6. e3 e6 7. Nc3 Bb4 8. Bd2 Bxc3 9. bxc3 Qh5 10. Rb1 Rb8 11. Rb5 Qg6 12. h4 h6 13. Qb1 Qxb1+ 14. Rxb1 g6 15. h5 g5 16. Bb5 Nge7 17. f4 a6 18. Be2 f5 19. fxg5 hxg5 20. e4 f4 21. Rg1 Rg8 22. h6 Kd7 23. h7 Rh8 24. Rxg5 Rxh7 25. Bxf4 Rh1+ 26. Bf1 Rh4 27. Bg3 Rxe4+ 28. Kd2 Nxd4 29. cxd4 Rxd4+ 30. Ke3 Ra4 31. Rg7 Ke8 32. Kf3 Kf8 33. Rh7 Rxa2 34. Bxc7 Re8 35. Bd6 b5 36. Rb4 Kg8 37. Rxe7 Rf8+ 38. Kg3 Rfxf2 1-0

[Event "Pardubice KB op"]
[Site "Pardubice"]
[Date "1997.07.20"]
[Round "4"]
[White "Surjadnji, Aleksei"]
[Black "Kulikov, Aleksandr"]
[Result "1/2-1/2"]
[WhiteElo "2440"]
[BlackElo "2335"]
[PlyCount "110"]
[EventDate "1997.07.17"]
[EventType "swiss"]
[EventRounds "9"]
[EventCountry "CZE"]
[SourceTitle "CBM 059 Extra"]
[Source "ChessBase"]
[SourceDate "1997.09.26"]
[SourceVersion "1"]
[SourceVersionDate "1997.09.26"]
[SourceQuality "1"]

1. Nf3 d5 2. c4 e6 3. d4 Nf6 4. Bg5 c6 5. e3 Nbd7 6. Nbd2 Be7 7. Bd3 0-0 8. 0-0 b6 9. Rc1 Bb7 10. cxd5 exd5 11. Qe2 a5 12. Rfd1 Re8 13. Nf1 Ne4 14. Bxe7 Qxe7 15. Ng3 Qe6 16. Nd2 Nd6 17. Qf3 c5 18. dxc5 Nxc5 19. Bf5 Qe5 20. Qg4 Nxf5 21. Qxf5 Qxb2 22. Rc2 Qe5 23. Qxe5 Rxe5 24. Nf3 Re7 25. Rb1 Na4 26. Nf5 Re6 27. Rc7 Ba6 28. Ne7+ Kf8 29. Nxd5 Rd8 30. Nf4 Re7 31. Rxe7 Kxe7 32. Nd4 Kf8 33. h4 Bc4 34. a3 Rb8 35. g4 b5 36. Nc6 Ra8 37. Rc1 Nb6 38. e4 a4 39. Rd1 Bb3 40. Ra1 Rc8 41. Nd4 Rc4 42. Nfe2 b4 43. f3 bxa3 44. Rxa3 Bd1 45. Kf2 Rb4 46. Rd3 Bxe2 47. Kxe2 Rb2+ 48. Kd1 f6 49. Kc1 Rb4 50. Nc2 Rc4 51. Rd6 Nc8 52. Ra6 Ne7 53. Kd2 Ng6 54. Ne3 Rd4+ 55. Kc3 Rd7 1/2-1/2

[Event "Pardubice KB op"]
[Site "Pardubice"]
[Date "1997.07.18"]
[Round "2"]
[White "Shadrina, Tatiana"]
[Black "Surjadnji, Aleksei"]
[Result "1-0"]
[WhiteElo "2280"]
[BlackElo "2440"]
[PlyCount "51"]
[EventDate "1997.07.17"]
[EventType "swiss"]
[EventRounds "9"]
[EventCountry "CZE"]
[SourceTitle "CBM 059 Extra"]
[Source "ChessBase"]
[SourceDate "1997.09.26"]
[SourceVersion "1"]
[SourceVersionDate "1997.09.26"]
[SourceQuality "1"]

1. e4 c5 2. Nf3 e6 3. d4 cxd4 4. Nxd4 Nc6 5. Nc3 Qc7 6. g3 a6 7. Bg2 Nf6 8. 0-0 Be7 9. Re1 0-0 10. Nxc6 dxc6 11. e5 Rd8 12. Bd2 Nd5 13. Qg4 Nxc3 14. Bxc3 c5 15. Rad1 Bd7 16. Rd6 Rab8 17. Be4 Be8 18. Red1 b5 19. b3 a5 20. h4 b4 21. Bb2 f5 22. exf6 Bxd6 23. fxg7 Qf7 24. Rd3 h5 25. Qg5 Be7 26. Qh6 1-0

[Event "Decin op"]
[Site "Decin"]
[Date "1997.??.??"]
[Round "5"]
[White "Dzyuin, Artem"]
[Black "Surjadnji, Aleksei"]
[Result "1/2-1/2"]
[WhiteElo "2320"]
[BlackElo "2440"]
[PlyCount "21"]
[EventDate "1997.??.??"]
[EventType "swiss"]
[EventRounds "9"]
[EventCountry "CZE"]
[SourceTitle "EXT 1998"]
[Source "ChessBase"]
[SourceDate "1997.11.17"]
[SourceVersion "1"]
[SourceVersionDate "1997.11.17"]
[SourceQuality "1"]

1. e4 c5 2. Nf3 e6 3. d4 cxd4 4. Nxd4 Nc6 5. Nb5 d6 6. Bf4 e5 7. Be3 Nf6 8. Bg5 Qa5+ 9. Bd2 Qd8 10. Bg5 Qa5+ 11. Bd2 1/2-1/2

[Event "Decin op"]
[Site "Decin"]
[Date "1997.??.??"]
[Round "9"]
[White "Surjadnji, Aleksei"]
[Black "Hermansson, Emil"]
[Result "1-0"]
[WhiteElo "2440"]
[BlackElo "2275"]
[PlyCount "67"]
[EventDate "1997.??.??"]
[EventType "swiss"]
[EventRounds "9"]
[EventCountry "CZE"]
[SourceTitle "EXT 1998"]
[Source "ChessBase"]
[SourceDate "1997.11.17"]
[SourceVersion "1"]
[SourceVersionDate "1997.11.17"]
[SourceQuality "1"]

1. d4 Nf6 2. Nf3 g6 3. c4 Bg7 4. Nc3 0-0 5. e4 d6 6. h3 e5 7. d5 Na6 8. Bg5 h6 9. Be3 Nc5 10. Nd2 a5 11. g4 Kh8 12. Be2 Ng8 13. Qc2 b6 14. 0-0-0 f5 15. gxf5 gxf5 16. Rdg1 f4 17. Bxc5 bxc5 18. Bg4 f3 19. Nd1 Rf4 20. Ne3 Ne7 21. Ndf1 c6 22. Bxc8 Rxc8 23. Ng3 cxd5 24. cxd5 c4 25. Nh5 Rf7 26. Nxg7 Rxg7 27. Rxg7 Kxg7 28. Rg1+ Ng6 29. Rg3 Qb6 30. Rxf3 c3 31. Nf5+ Kh8 32. Rxc3 Rxc3 33. Qxc3 Qa6 34. Kb1 1-0